[Event "WTCC-50 2018"]
[Site "Radebeul"]
[Date "2018.07.08"]
[Round "2"]
[White "Schulz, Klaus-Juergen"]
[Black "Wagner Michel, Annett"]
[Result "1-0"]
[WhiteElo "2324"]
[BlackElo "2119"]
[Annotator "NA"]
[PlyCount "107"]
[EventDate "2018.07.07"]
[EventType "team-tourn"]
[EventCountry "GER"]
[SourceTitle "playchess.com"]
[Source "ChessBase"]
[SourceQuality "1"]
[TimeControl "40/5400+30:1800+30"]

1. d4 {[%emt 0:00:00] Payen,A} d5 {[%emt 0:00:00]} 2. c4 {[%emt 0:00:33]} e6 {[%emt 0:00:00]} 3. Nc3 {[%emt 0:00:25]} Nf6 {[%emt 0:00:06]} 4. Bg5 {[%emt 0:01:20]} Be7 {[%emt 0:00:51]} 5. e3 {[%emt 0:01:03]} h6 {[%emt 0:01:37]} 6. Bh4 {[%emt 0:01:03]} O-O {[%emt 0:00:51]} 7. Nf3 {[%emt 0:03:28]} b6 {[%emt 0:08:04]} 8. Bxf6 {[%emt 0:25:00]} Bxf6 {[%emt 0:00:08]} 9. cxd5 {[%emt 0:00:42]} exd5 {[%emt 0:00:04]} 10. b4 {[%emt 0:00:11]} c5 {[%emt 0:07:28] D58: Damengambit (Tartakower-Variante)} 11. b5 {[%emt 0:12:57]} (11. bxc5 bxc5 12. Qa4 Bd7 13. Bb5 cxd4 14. Nxd4 Bxd4 15. Qxd4 Bxb5 16. Nxb5 Qa5+ 17. Nc3 Nc6 18. Qd2 d4 19. Nd1 dxe3 20. Nxe3 Qa6 21. Qe2 Qa5+ 22. Qd2 Qa6 23. Qe2 {½-½ (23) Karpov,A (2626)-Ljubojevic,L (2571) Platja d'Aro 2017}) 11... Qd6 {[%emt 0:20:12]} 12. Be2 {[%emt 0:04:14]} Be6 $146 {[%emt 0:18:11]} ({Vorgänger:} 12... Bb7 13. O-O Nd7 14. Qc2 Rac8 15. Rac1 Rfe8 16. Rfe1 g6 17. Qa4 Rc7 18. Rc2 {0-1 (67) Manoeuvre,A (2246)-Payen,A (2366) Issy les Moulineaux 2010 EXT 2011 [Payen,A]}) 13. O-O {[%emt 0:00:39]} Nd7 {[%emt 0:01:21]} 14. Qd2 {[%emt 0:06:24]} Rfd8 {[%emt 0:02:09]} 15. Rfd1 {[%emt 0:00:21]} Rac8 {[%emt 0:01:28]} 16. Rac1 {[%emt 0:02:11]} Qe7 {[%emt 0:04:12]} 17. dxc5 {[%emt 0:03:42]} Bxc3 {[%emt 0:01:44]} 18. Qxc3 {[%emt 0:00:55]} Nxc5 {[%emt 0:06:05]} 19. Qa3 {[%emt 0:05:58]} Qb7 {[%emt 0:05:54]} 20. Nd4 {[%emt 0:00:28]} Rd6 {[%emt 0:03:08]} 21. Qb4 {[%emt 0:09:40]} Qd7 {[%emt 0:04:59]} 22. Nc6 {[%emt 0:01:45]} a5 {[%emt 0:02:01]} 23. Qd4 {[%emt 0:01:09]} Qc7 {[%emt 0:02:12]} 24. Bf3 {[%emt 0:00:37]} Kf8 {[%emt 0:03:11]} 25. e4 {[%emt 0:02:29]} dxe4 {[%emt 0:00:55]} 26. Qxd6+ {[%emt 0:00:07]} Qxd6 {[%emt 0:00:02]} 27. Rxd6 {[%emt 0:00:06]} exf3 {[%emt 0:00:04]} 28. a3 {[%emt 0:06:23]} fxg2 {[%emt 0:01:24]} 29. Kxg2 {[%emt 0:01:56]} Ne4 {[%emt 0:00:28]} 30. Rd4 {[%emt 0:00:34]} Nf6 {[%emt 0:00:14]} 31. Rcd1 {[%emt 0:00:24]} g6 {[%emt 0:00:12]} 32. Rd8+ {[%emt 0:00:14]} Rxd8 {[%emt 0:00:06]} 33. Rxd8+ {[%emt 0:00:04]} Kg7 {[%emt 0:00:05]} 34. Rb8 {[%emt 0:00:54]} Nd5 {[%emt 0:00:20]} 35. Nd4 {[%emt 0:01:25]} Kf6 {[%emt 0:00:35]} 36. Kf3 {[%emt 0:00:46]} Ke5 {[%emt 0:00:53]} 37. Nxe6 {[%emt 0:00:53]} fxe6 {[%emt 0:00:33]} 38. Rc8 {[%emt 0:02:30]} h5 {[%emt 0:02:20]} 39. h4 {[%emt 0:00:59]} Kf5 {[%emt 0:00:44]} 40. Rc6 {[%emt 0:02:01]} Ke5 {[%emt 0:02:50]} 41. Kg3 {[%emt 0:06:58]} Kf5 {[%emt 0:00:38]} 42. f4 {[%emt 0:04:05]} Kf6 {[%emt 0:17:55]} 43. Kf3 {[%emt 0:00:37]} Kf5 {[%emt 0:01:39]} 44. Rc8 {[%emt 0:10:34]} Nf6 {[%emt 0:05:33]} 45. Rc1 {[%emt 0:06:08]} Nd5 $18 {[%emt 0:03:16]} 46. Rc6 {[%emt 0:00:28]} e5 {[%emt 0:02:52]} 47. fxe5 {[%emt 0:00:10]} Kxe5 {[%emt 0:00:07]} 48. Rxg6 {[%emt 0:00:07]} Kd4 {[%emt 0:00:21]} 49. Rg5 {[%emt 0:00:35]} Kc4 {[%emt 0:01:11]} 50. Rxh5 {[%emt 0:00:06]} Nc3 {[%emt 0:00:01]} 51. Rf5 {[%emt 0:02:15]} Nxb5 {[%emt 0:00:09]} 52. Rxb5 {[%emt 0:01:08]} Kxb5 {[%emt 0:00:20]} 53. h5 {[%emt 0:00:01]} Ka4 {[%emt 0:00:01]} 54. h6 {[%emt 0:00:13]} 1-0

[Event "WTCC-50 2018"]
[Site "Radebeul"]
[Date "2018.07.08"]
[Round "2"]
[White "Goh, Cheng Hong"]
[Black "Rensch, Toralf"]
[Result "1/2-1/2"]
[WhiteElo "2323"]
[BlackElo "2088"]
[Annotator "NA"]
[PlyCount "49"]
[EventDate "2018.07.07"]
[EventType "team-tourn"]
[EventCountry "GER"]
[SourceTitle "playchess.com"]
[Source "ChessBase"]
[SourceQuality "1"]
[TimeControl "40/5400+30:1800+30"]

1. Nf3 {[%emt 0:00:00]} Nf6 {[%emt 0:00:00]} 2. g3 {[%emt 0:00:00]} d5 {[%emt 0:00:50]} 3. Bg2 {[%emt 0:00:08]} c6 {[%emt 0:06:25]} 4. O-O {[%emt 0:00:24]} Nbd7 {[%emt 0:02:24] LiveBook: 96 Games} 5. d3 {[%emt 0:01:59]} e6 {[%emt 0:07:13]} 6. Re1 {[%emt 0:02:04]} Be7 {[%emt 0:01:52]} 7. b3 {[%emt 0:02:47]} O-O {[%emt 0:00:24]} 8. Bb2 {[%emt 0:00:16]} a5 {[%emt 0:01:46]} 9. a4 {[%emt 0:02:33]} b5 {[%emt 0:03:35]} 10. Nbd2 {[%emt 0:06:20]} Qb6 {[%emt 0:03:55]} 11. e4 {[%emt 0:07:29]} b4 {[%emt 0:32:40]} 12. h3 {[%emt 0:07:20]} h6 $11 {[%emt 0:04:01]} 13. Qe2 {[%emt 0:16:52]} Bb7 {[%emt 0:09:50]} 14. Rad1 {[%emt 0:05:41]} Rad8 {[%emt 0:03:26]} 15. Nh2 {[%emt 0:03:53]} c5 {[%emt 0:05:49]} 16. e5 {[%emt 0:03:31]} Nh7 {[%emt 0:01:18]} 17. Qg4 {[%emt 0:01:36]} Bc8 {[%emt 0:01:31]} 18. Ndf3 {[%emt 0:07:33]} f5 {[%emt 0:04:19]} 19. Qh5 {[%emt 0:04:41]} Rf7 {[%emt 0:01:18]} 20. Bc1 {[%emt 0:02:01]} Ndf8 {[%emt 0:00:38]} 21. Nh4 {[%emt 0:08:37]} Bd7 {[%emt 0:01:57]} 22. Ng6 {[%emt 0:00:49]} Nxg6 {[%emt 0:00:19]} 23. Qxg6 {[%emt 0:00:03]} Nf8 {[%emt 0:00:03]} 24. Qh5 {[%emt 0:00:29]} Be8 {[%emt 0:00:21]} 25. Qg4 1/2-1/2

[Event "WTCC-50 2018"]
[Site "Radebeul"]
[Date "2018.07.08"]
[Round "2"]
[White "Welling, Gerard J"]
[Black "Schlosser, Philipp"]
[Result "1/2-1/2"]
[WhiteElo "2317"]
[BlackElo "2501"]
[Annotator "TA"]
[PlyCount "70"]
[EventDate "2018.07.07"]
[EventType "team-tourn"]
[EventCountry "GER"]
[SourceTitle "playchess.com"]
[Source "ChessBase"]
[SourceQuality "1"]

{[%evp 17,70,6,8,6,10,-14,-3,-20,0,0,2,10,14,8,18,6,23,25,18,18,33,0,77,0,0,-7,-4,-20,-17,0,33,17,27,17,27,0,84,77,81,77,82,77,89,0,0,0,0,0,0,0,0,0,0,0,0]} 1. g3 d5 2. Bg2 e5 3. d3 g6 4. c4 d4 5. Nf3 Bg7 6. O-O Ne7 7. b4 O-O 8. Bb2 {A09: Réti Opening: 1 Nf3 d5 2 c4} (8. a4 a5 9. b5 c5 10. Ra2 Nf5 11. e3 dxe3 12. fxe3 Be6 13. Nc3 Nd6 14. e4 h6 15. Be3 Nd7 {1-0 (48) Duda,J (2724)-Kuzubov,Y (2663) Brest 2018}) 8... a5 9. b5 c5 {LiveBook: 11 Games} 10. Nbd2 Ra7 11. Qc2 b6 12. Rae1 $146 ({Predecessor:} 12. e3 Nf5 13. Rae1 Re7 14. Ne4 Bb7 15. exd4 exd4 16. Bc1 h6 {1-0 (62) Khismatullin,D (2609)-Sharafiev,A (2427) Cheboksary 2016}) 12... Rd7 13. e3 dxe3 14. Rxe3 f6 15. g4 Rc7 16. h3 Nd7 {[%cal Bb8d7,Bd7f8,Bf8e6,Be6f4][%mdl 32]} 17. Ne4 Bb7 18. Rfe1 Nc8 19. a4 Re8 {[#]} (19... f5 $11 {remains equal.} 20. gxf5 gxf5) 20. R3e2 ({White should try} 20. g5 $1 $16) 20... Nf8 $11 21. g5 fxg5 $1 22. Nexg5 {[%cal Rb2e5]} h6 23. Ne4 $36 {[%mdl 2048] White is more active.} Ne6 24. Nxe5 {Hoping for Ng4.} ({Reject} 24. Bxe5 Bxe5 25. Ned2 Nf4 $17) 24... Nf4 $1 {[%csl LRe2,LRe5]} 25. Ng4 Nxe2+ 26. Qxe2 (26. Rxe2 {is interesting.} Bxe4 27. dxe4 h5 28. Ne3 Bxb2 29. Qxb2 Qd4 30. Nd5) 26... Re6 {[#]} (26... Bxe4 $1 $11 27. Bxe4 Nd6 28. Bxg7 Rxg7 29. Nxh6+ Kh8) 27. Nef6+ $1 $16 {[%mdl 512]} Rxf6 28. Bxf6 Bxf6 {[#]} 29. Bxb7 $1 Rxb7 30. Qe8+ (30. Qe4 $16 Nd6 31. Qd5+ Kg7 32. Re6) 30... Kg7 $1 $11 {Strongly threatening ...Nd6.The position is equal.} 31. Nxf6 Qxf6 32. Qxc8 Rf7 33. Re2 Qf3 34. Qg4 Qxd3 35. Kg2 g5 {Precision: White = 63%, Black = 73%.} 1/2-1/2

[Event "WTCC-50 2018"]
[Site "Radebeul"]
[Date "2018.07.08"]
[Round "2"]
[White "Lewis, Andrew P"]
[Black "Speelman, Jon S"]
[Result "1/2-1/2"]
[WhiteElo "2298"]
[BlackElo "2493"]
[Annotator "TA"]
[PlyCount "75"]
[EventDate "2018.07.07"]
[EventType "team-tourn"]
[EventCountry "GER"]
[SourceTitle "playchess.com"]
[Source "ChessBase"]
[SourceQuality "1"]

{[%evp 16,75,54,48,66,72,73,69,75,51,70,81,84,74,75,58,45,54,49,37,38,38,57,59,61,56,58,47,66,63,65,51,62,52,98,95,133,123,178,120,111,114,107,91,111,78,203,211,241,217,235,123,161,154,228,93,93,50,61,52,52,59]} 1. c4 e6 2. Nc3 b6 3. d4 Bb4 4. e3 Bb7 5. Nge2 f5 (5... Nf6 6. a3 Be7 7. Nf4 O-O 8. Bd3 d5 9. cxd5 exd5 10. b4 c5 11. bxc5 bxc5 12. dxc5 Nbd7 13. O-O Nxc5 14. Be2 Bd6 15. Nb5 Be5 16. Rb1 Nfe4 17. Bb2 Bxb2 18. Rxb2 {½-½ (40) Izoria,Z (2599)-Nakamura,H (2781) chess.com INT 2018}) 6. a3 {A40: Unusual replies to 1 d4} Bxc3+ 7. Nxc3 Nf6 8. f3 O-O 9. Bd3 {LiveBook: 5 Games} c5 10. d5 Qe7 11. O-O d6 12. Qc2 $146 ({Predecessor:} 12. e4 fxe4 13. fxe4 {1-0 (34) Nieves Cabanes,J (2180)-Santos Ruiz,M (2329) Salobrena 2015}) 12... exd5 13. cxd5 (13. Bxf5 dxc4 14. Ne2 Nc6 $15) 13... g6 14. e4 fxe4 15. Nxe4 (15. Bxe4 {is more complex.} Qg7 16. Re1 Nbd7 17. Nb5 Ne8 18. Bg5) 15... Nxe4 16. Bxe4 Qg7 17. Bd2 {[%cal Bc1d2,Bd2c3,Bc3a1][%mdl 32]} Nd7 18. Bc3 Qf7 19. Rad1 Rae8 20. b4 Ba6 21. Rfe1 $1 Nf6 22. bxc5 bxc5 23. Ba1 Nxe4 24. fxe4 h5 ({Avoid the trap} 24... Rb8 $2 25. Qc3 $18) 25. h3 Kh7 26. e5 dxe5 (26... Qf5 $16 {was necessary.} 27. Qxf5 gxf5 28. exd6 Re4) 27. Rxe5 ({Much less strong is} 27. Bxe5 c4 $16) (27. d6 $18) 27... Rxe5 $16 28. Bxe5 Re8 29. Qc3 c4 30. d6 Bc8 {[#]} (30... Bb5 $16) 31. Qg3 $1 $18 Bf5 32. Bc3 Bd3 33. Re1 (33. Qg5 $18) 33... Rxe1+ $16 34. Qxe1 {And now Qe5 would win.} Bf5 {[#]} (34... g5 $16 35. Qe3 g4 36. hxg4 hxg4) 35. Qe5 (35. g4 $1 $18 {[%mdl 512] has better winning chances. aiming for Qe5.} Bd7 (35... hxg4 36. Qh4+) 36. Qe5) 35... g5 36. Bd2 Qe6 37. Qg3 g4 38. hxg4 {Precision: White = 55%, Black = 61%.} 1/2-1/2

[Event "WTCC-50 2018"]
[Site "Radebeul"]
[Date "2018.07.08"]
[Round "2"]
[White "Brueggemann, Joachim"]
[Black "Rewitz, Jan"]
[Result "1-0"]
[WhiteElo "2293"]
[BlackElo "2055"]
[Annotator "NA"]
[PlyCount "71"]
[EventDate "2018.07.07"]
[EventType "team-tourn"]
[EventCountry "GER"]
[SourceTitle "playchess.com"]
[Source "ChessBase"]
[SourceQuality "1"]
[TimeControl "40/5400+30:1800+30"]

1. e4 {[%emt 0:00:00]} d5 {[%emt 0:00:00]} 2. exd5 {[%emt 0:00:00]} Nf6 {[%emt 0:00:00]} 3. d4 {[%emt 0:00:00]} Nxd5 {[%emt 0:00:01]} 4. c4 {[%emt 0:00:00]} Nb6 {[%emt 0:00:07]} 5. Nf3 {[%emt 0:00:07]} g6 {[%emt 0:00:13]} 6. c5 {[%emt 0:00:36]} Nd5 {[%emt 0:00:31]} 7. Bc4 {[%emt 0:00:05]} Bg7 {[%emt 0:02:57]} 8. Qb3 {[%emt 0:02:36]} c6 {[%emt 0:01:21]} 9. Nc3 {[%emt 0:00:04]} O-O {[%emt 0:01:27] LiveBook: 92 Games} 10. O-O {[%emt 0:01:38]} Nxc3 {[%emt 0:11:49] B01: Scandinavian Defence} 11. bxc3 {[%emt 0:00:04]} h6 {[%emt 0:00:55]} (11... b5 12. cxb6 axb6 13. Re1 b5 14. Bd3 Nd7 15. Ba3 Bf6 16. Nd2 Re8 17. Ne4 Bg7 18. Ng5 e6 19. Ne4 Nf6 20. Bc5 Nxe4 21. Bxe4 {1-0 (50) Perunovic,M (2696)-Roganovic,M (2524) Belgrade 2014}) 12. Re1 {[%emt 0:00:28]} Nd7 {[%emt 0:03:42]} 13. Bf4 {[%emt 0:08:13]} b6 {[%emt 0:00:02]} 14. cxb6 {[%emt 0:02:59]} axb6 $146 {[%emt 0:03:03]} ({Predecessor:} 14... Nxb6 15. Ne5 Qe8 16. Nxg6 e5 17. Nxf8 Nxc4 18. Qxc4 Qxf8 19. Bxe5 Be6 20. Qxc6 Rc8 21. Qf3 f6 22. Bxf6 {1-0 (22) Sokolova,V (2052)-Fokin,A (1858) St Petersburg 2011}) 15. Qc2 {[%emt 0:01:45]} e6 {[%emt 0:12:12]} 16. Qd2 {[%emt 0:12:43]} Kh7 {[%emt 0:02:43]} 17. Bd6 {[%emt 0:02:49]} Re8 {[%emt 0:02:03]} 18. Rad1 {[%emt 0:00:14]} Bb7 {[%emt 0:04:21]} 19. Qf4 {[%emt 0:03:57]} Kg8 {[%emt 0:11:31]} 20. h4 {[%emt 0:01:15]} Qf6 {[%emt 0:13:53]} 21. Qg3 {[%emt 0:02:49]} c5 {[%emt 0:05:32]} 22. Ne5 {[%emt 0:12:33]} Nxe5 23. dxe5 Qf5 {[%emt 0:14:09]} 24. Bd3 {[%emt 0:09:15]} Qh5 {[%emt 0:00:06]} 25. Bb5 {[%emt 0:00:16]} Red8 {[%emt 0:00:36]} 26. a4 {[%emt 0:01:10]} Rac8 {[%emt 0:04:01]} 27. Rb1 {[%emt 0:04:58]} c4 {[%emt 0:04:47]} 28. Rb2 {[%emt 0:03:45]} g5 {[%emt 0:00:29]} 29. hxg5 {[%emt 0:00:35]} Qxg5 {[%emt 0:00:21]} 30. Re3 $16 {[%emt 0:06:32]} Bf8 {[%emt 0:01:19]} 31. Rd2 {[%emt 0:01:50]} Bd5 {[%emt 0:00:18]} 32. Qh3 {[%emt 0:05:48]} Kh7 {[%emt 0:00:17]} 33. Rxd5 {[%emt 0:04:57]} exd5 {[%emt 0:00:04]} 34. Rg3 {[%emt 0:00:05]} Qc1+ {[%emt 0:00:33]} 35. Kh2 {[%emt 0:00:01]} Qc2 {[%emt 0:01:14]} 36. Bd7 {[%emt 0:00:06]} 1-0

[Event "WTCC-50 2018"]
[Site "Radebeul"]
[Date "2018.07.08"]
[Round "2"]
[White "Wilke, Werner"]
[Black "Wallner, Joachim"]
[Result "0-1"]
[WhiteElo "2282"]
[BlackElo "2311"]
[Annotator "NA"]
[PlyCount "70"]
[EventDate "2018.07.07"]
[EventType "team-tourn"]
[EventCountry "GER"]
[SourceTitle "playchess.com"]
[Source "ChessBase"]
[SourceQuality "1"]
[TimeControl "40/5400+30:1800+30"]

1. d4 {[%emt 0:00:00]} d5 {[%emt 0:00:00]} 2. Bf4 {[%emt 0:00:00]} Nf6 {[%emt 0:00:15]} 3. e3 {[%emt 0:01:25]} Bf5 {[%emt 0:03:34]} 4. c4 {[%emt 0:04:43]} c6 {[%emt 0:01:30]} 5. Qb3 {[%emt 0:00:54]} Qb6 {[%emt 0:00:19]} 6. c5 {[%emt 0:00:52]} Qxb3 {[%emt 0:00:24]} 7. axb3 {[%emt 0:00:02]} Nbd7 {[%emt 0:00:28]} 8. b4 {[%emt 0:02:16]} Bxb1 {[%emt 0:04:21]} 9. Rxb1 {[%emt 0:00:06]} Nh5 {[%emt 0:00:08]} 10. Nf3 {[%emt 0:07:54]} Nxf4 {[%emt 0:02:18]} 11. exf4 {[%emt 0:00:02]} a6 {[%emt 0:00:32]} 12. Bd3 {[%emt 0:04:11]} g6 {[%emt 0:03:13]} 13. Kd2 {[%emt 0:01:24]} Bg7 {[%emt 0:04:30]} 14. Kc3 {[%emt 0:12:04]} O-O $11 {[%emt 0:08:28]} 15. Rhe1 {[%emt 0:05:59]} e6 {[%emt 0:00:35]} 16. Ne5 {[%emt 0:22:29]} Nxe5 {[%emt 0:02:48]} 17. fxe5 {[%emt 0:00:17]} f6 {[%emt 0:00:04]} 18. f4 {[%emt 0:05:16]} fxe5 {[%emt 0:00:57]} 19. fxe5 {[%emt 0:00:02]} Rf2 {[%emt 0:00:30]} 20. Re2 {[%emt 0:00:08]} Raf8 {[%emt 0:00:31]} 21. Rbe1 {[%emt 0:00:36]} R2f4 {[%emt 0:02:26]} 22. Rc2 {[%emt 0:14:29]} Bh6 {[%emt 0:02:50]} 23. b3 {[%emt 0:07:02]} Kg7 {[%emt 0:00:13]} 24. Ra2 {[%emt 0:01:46]} Bg5 {[%emt 0:01:25]} 25. g3 {[%emt 0:02:32]} Rf3 {[%emt 0:04:09]} 26. Rg2 {[%emt 0:00:25]} Be3 {[%emt 0:05:12]} 27. Ree2 {[%emt 0:04:07]} g5 {[%emt 0:02:16]} 28. Rc2 {[%emt 0:01:24]} Bf2 {[%emt 0:02:32]} 29. Rc1 {[%emt 0:00:57]} h5 {[%emt 0:02:16]} 30. Rd1 {[%emt 0:00:19]} Kh6 {[%emt 0:01:41]} 31. Kc2 {[%emt 0:00:59]} Bxd4 {[%emt 0:00:55]} 32. Bxa6 {[%emt 0:00:44]} Rc3+ {[%emt 0:00:48]} 33. Kb1 {[%emt 0:00:07]} Rxb3+ {[%emt 0:00:06]} 34. Ka2 {[%emt 0:00:42]} Rxb4 {[%emt 0:00:09]} 35. Ka3 {[%emt 0:00:34]} Bxc5 {[%emt 0:00:16]} 0-1

[Event "WTCC-50 2018"]
[Site "Radebeul"]
[Date "2018.07.08"]
[Round "2"]
[White "Denk, Adolf"]
[Black "Schweitzer, Werner"]
[Result "1/2-1/2"]
[WhiteElo "2262"]
[BlackElo "2033"]
[Annotator "NA"]
[PlyCount "75"]
[EventDate "2018.07.07"]
[EventType "team-tourn"]
[EventCountry "GER"]
[SourceTitle "playchess.com"]
[Source "ChessBase"]
[SourceQuality "1"]
[TimeControl "40/5400+30:1800+30"]

1. d4 {[%emt 0:00:00]} d5 {[%emt 0:00:00]} 2. Nf3 {[%emt 0:00:00]} Nf6 {[%emt 0:00:00]} 3. c4 {[%emt 0:00:00]} c6 {[%emt 0:00:00]} 4. cxd5 {[%emt 0:01:16]} cxd5 {[%emt 0:00:00]} 5. Nc3 {[%emt 0:00:04]} Nc6 {[%emt 0:01:13]} 6. Bf4 {[%emt 0:01:25]} Qb6 {[%emt 0:04:18]} 7. Na4 {[%emt 0:00:27]} Qa5+ {[%emt 0:00:39] LiveBook: 31 Games} 8. Bd2 {[%emt 0:00:11]} Qd8 {[%emt 0:00:50]} 9. e3 {[%emt 0:00:15]} e6 {[%emt 0:01:14]} 10. Bb5 {[%emt 0:01:51] D13: Slav Defence: Exchange variation without ...Bf5} Bd7 {[%emt 0:04:51]} 11. O-O {[%emt 0:04:42]} Bd6 {[%emt 0:02:04]} (11... Ne4 12. Rc1 Rc8 13. Nc5 Bxc5 14. dxc5 Nxd2 15. Qxd2 O-O 16. b4 Qe7 17. Be2 a6 {1-0 (80) Hungaski,R (2511)-Molina,R (2453) Buenos Aires 2017}) 12. Rc1 {[%emt 0:00:58]} O-O {[%emt 0:03:54]} 13. Nc5 {[%emt 0:16:04]} Qb6 {[%emt 0:03:24]} 14. a4 $146 {[%emt 0:13:05]} ({Predecessor:} 14. Nxd7 Nxd7 15. Qa4 Rfc8 16. Rc2 a6 17. Bd3 Nf6 {½-½ (26) Golz,W-Hennings,A Schwerin 1969}) 14... Rac8 {[%emt 0:16:19]} 15. Qe2 {[%emt 0:03:52]} (15. b4 $14) 15... a6 {[%emt 0:00:58]} 16. Bxc6 {[%emt 0:03:55]} Bxc6 {[%emt 0:01:27]} 17. b4 {[%emt 0:01:32]} Rfd8 $11 {[%emt 0:06:00]} 18. Rc2 {[%emt 0:05:52]} Qa7 {[%emt 0:13:40]} 19. Rfc1 {[%emt 0:05:36]} Bxc5 {[%emt 0:05:21]} 20. Rxc5 {[%emt 0:03:17]} Bd7 {[%emt 0:00:08]} 21. Qd1 {[%emt 0:06:50]} b6 {[%emt 0:04:20]} 22. Rxc8 {[%emt 0:02:17]} Rxc8 {[%emt 0:00:02]} 23. Rxc8+ {[%emt 0:00:17]} Bxc8 {[%emt 0:00:02]} 24. Qc2 {[%emt 0:00:35]} Qb7 {[%emt 0:00:48]} 25. Ne5 {[%emt 0:01:20]} Ne4 {[%emt 0:02:58]} 26. b5 {[%emt 0:07:37]} axb5 {[%emt 0:08:12]} 27. axb5 {[%emt 0:00:04]} f6 {[%emt 0:00:38]} 28. Nc6 {[%emt 0:02:43]} Nd6 {[%emt 0:04:23]} 29. Bb4 {[%emt 0:00:15]} Nc4 {[%emt 0:00:11]} 30. e4 {[%emt 0:02:07]} Bd7 {[%emt 0:01:40]} 31. exd5 {[%emt 0:00:22]} exd5 {[%emt 0:00:02]} 32. Qe2 {[%emt 0:00:19]} Qa8 {[%emt 0:03:03]} 33. h3 {[%emt 0:01:02]} Qe8 {[%emt 0:00:25]} 34. Ne7+ {[%emt 0:05:09]} Kh8 {[%emt 0:00:25]} 35. Qf3 {[%emt 0:00:29]} Be6 {[%emt 0:02:59]} 36. Qf4 {[%emt 0:06:14]} h6 {[%emt 0:00:44]} 37. Nc6 {[%emt 0:03:07]} Qg6 {[%emt 0:01:59]} 38. Kh2 {[%emt 0:00:27]} 1/2-1/2

[Event "WTCC-50 2018"]
[Site "Radebeul"]
[Date "2018.07.08"]
[Round "2"]
[White "Findlay, Ian T."]
[Black "Sundell, Bo"]
[Result "1-0"]
[WhiteElo "2244"]
[BlackElo "2157"]
[Annotator "NA"]
[PlyCount "51"]
[EventDate "2018.07.07"]
[EventType "team-tourn"]
[EventCountry "GER"]
[SourceTitle "playchess.com"]
[Source "ChessBase"]
[SourceQuality "1"]
[TimeControl "40/5400+30:1800+30"]

1. e4 {[%emt 0:00:00]} e6 {[%emt 0:10:50]} 2. d4 {[%emt 0:00:00]} d5 {[%emt 0:00:02]} 3. Nd2 {[%emt 0:00:00]} dxe4 {[%emt 0:00:14]} 4. Nxe4 {[%emt 0:00:00]} Nf6 {[%emt 0:00:13]} 5. Nxf6+ {[%emt 0:00:13]} Qxf6 {[%emt 0:00:34]} 6. Nf3 {[%emt 0:00:08]} h6 {[%emt 0:01:06]} 7. h4 {[%emt 0:00:38]} Qd8 {[%emt 0:05:26]} 8. Bd3 {[%emt 0:01:45]} c5 {[%emt 0:02:24]} 9. Be3 {[%emt 0:04:38]} cxd4 {[%emt 0:09:33]} 10. Nxd4 {[%emt 0:10:20]} Be7 {[%emt 0:01:37]} ({Black should try} 10... e5 $14) 11. Qh5 $16 {[%emt 0:07:05]} Nc6 {[%emt 0:14:28]} 12. O-O-O {[%emt 0:08:09]} Qa5 {[%emt 0:07:06]} 13. Qxa5 {[%emt 0:01:45]} Nxa5 {[%emt 0:00:04]} 14. Nb5 {[%emt 0:01:34]} Bd8 {[%emt 0:19:00]} 15. Bc5 {[%emt 0:04:53]} Be7 {[%emt 0:01:52]} 16. Be3 {[%emt 0:19:46]} Bd8 {[%emt 0:00:22]} 17. Nxa7 {[%emt 0:01:57]} O-O {[%emt 0:04:27]} 18. Bc5 {[%emt 0:02:15]} Rxa7 {[%emt 0:02:57]} 19. Bxa7 {[%emt 0:00:27]} b6 {[%emt 0:00:07]} 20. Bb8 {[%emt 0:01:38]} Be7 {[%emt 0:01:13]} 21. Bg3 {[%emt 0:06:40]} Nc6 {[%emt 0:03:07]} 22. Be4 {[%emt 0:00:51]} Nb4 {[%emt 0:02:17]} 23. a3 {[%emt 0:00:26]} Na6 {[%emt 0:00:19]} 24. Bd6 {[%emt 0:00:28]} Bxd6 {[%emt 0:00:40]} 25. Rxd6 {[%emt 0:00:04]} Nc5 {[%emt 0:00:08]} 26. Bf3 {[%emt 0:00:30]} 1-0

[Event "WTCC-50 2018"]
[Site "Radebeul"]
[Date "2018.07.08"]
[Round "2"]
[White "Preuss, Heiko"]
[Black "Arenhoevel, Mark"]
[Result "1/2-1/2"]
[WhiteElo "2235"]
[BlackElo "2077"]
[Annotator "NA"]
[PlyCount "44"]
[EventDate "2018.07.07"]
[EventType "team-tourn"]
[EventCountry "GER"]
[SourceTitle "playchess.com"]
[Source "ChessBase"]
[SourceQuality "1"]
[TimeControl "40/5400+30:1800+30"]

1. d4 {[%emt 0:00:00]} d5 {[%emt 0:00:00]} 2. g3 {[%emt 0:00:04]} Nf6 {[%emt 0:02:00]} 3. Bg2 {[%emt 0:00:11]} g6 {[%emt 0:01:09]} 4. Nf3 {[%emt 0:00:36]} Bg7 {[%emt 0:00:32]} 5. O-O {[%emt 0:01:23]} c6 {[%emt 0:00:52]} 6. b3 {[%emt 0:01:49]} O-O {[%emt 0:01:43]} 7. Bb2 {[%emt 0:00:36]} Bf5 {[%emt 0:01:42]} 8. Nbd2 {[%emt 0:03:33]} Nbd7 {[%emt 0:03:54]} 9. Nh4 {[%emt 0:02:53]} Be6 {[%emt 0:01:41]} 10. f4 {[%emt 0:08:54]} Ng4 {[%emt 0:06:29]} 11. Rf3 {[%emt 0:01:44]} f5 {[%emt 0:01:00]} 12. h3 {[%emt 0:04:44]} Ngf6 $15 {[%emt 0:01:14]} 13. Rb1 {[%emt 0:14:11]} a5 {[%emt 0:07:44]} 14. Kh2 {[%emt 0:10:10]} a4 {[%emt 0:02:32]} 15. b4 {[%emt 0:06:18]} Ne4 {[%emt 0:08:59]} 16. Rf1 {[%emt 0:02:38]} Nb6 {[%emt 0:09:26]} 17. c3 {[%emt 0:08:32]} a3 {[%emt 0:06:28]} 18. Ba1 {[%emt 0:00:03]} Nxd2 {[%emt 0:00:37]} 19. Qxd2 {[%emt 0:00:02]} Nc4 {[%emt 0:00:16]} 20. Qd3 {[%emt 0:02:01]} Qd6 {[%emt 0:03:32]} 21. Nf3 {[%emt 0:01:26]} b5 {[%emt 0:08:22]} 22. Rf2 {[%emt 0:02:10]} Bd7 {[%emt 0:02:14]} 1/2-1/2